| 000 | 00744nam a2200265Ia 4500 | ||
|---|---|---|---|
| 003 | OSt | ||
| 005 | 20221006144627.0 | ||
| 006 | a|||||r|||| 00| 0 | ||
| 007 | ta | ||
| 008 | 221006b |||||||| |||| 00| 0 eng d | ||
| 020 |
_c _16.50 |
||
| 024 | _a12,181 | ||
| 037 | _cTextual | ||
| 040 |
_aEASL _cEASL _beng |
||
| 041 |
_2eng _aeng |
||
| 082 | _aV41.M42, L3 | ||
| 100 |
_aKUO P C _9652469 |
||
| 245 | 0 | _aCritical study of the first anglo-chinese war with documemts | |
| 260 |
_aWestport _bHyperion Press _c1973 |
||
| 300 |
_a315p. _ccm. |
||
| 650 |
_a China Foreigen relation great Britain _9652470 |
||
| 650 |
_aChina Histroy war _9652471 |
||
| 942 |
_hV41.M42, L3 _cTEXL _2CC |
||
| 999 |
_c1080267 _d1080267 |
||